000 00911nam a2200193 a 4500
008 130516s2009 ||||||||||||||||| || u
020 _a9780702030123
050 _aRD 667.5 BRE
100 _aDixon, J. Michael
245 1 0 _aBreast Surgery: a companion to specialist surgical practice. (4th ed.)
_cedited by J. Michael Dixon
250 _a4th ed.
260 _aEdinburgh, London
_bElsevier
_c2009
300 _axiii, 312p.: ill.
350 _a141.86
490 _aA companion to specialist surgical practice
650 _aBREAST--SURGERY
995 _aMEDICAL LIBRARY OPEN ACCESS
_e902044
_FCBU-SCHOOL OF MEDICINE LIBRARY (Ndola)
_jRD 667.5 BRE
_M1
_UAVAILABLE
_WMay 20, 2013
_y902044
_ZMedical Library Open Access Collection
995 _aMEDICAL LIBRARY OPEN ACCESS
_D141.86
_e903354
_FCBU-SCHOOL OF MEDICINE LIBRARY (Ndola)
_jRD 667.5 BRE
_M2
_UAVAILABLE
_WFeb 29, 2016
_y903354
_ZMedical Library Open Access Collection
999 _c63727
_d63727